Cattle Gastrointestinal Parasites In Farm At Kaoh dach Commune Chroy Changva District, Phnom Penh. បរាសិតខាងក្នុងក្រពះពោះវៀនគោ នៅកសិដ្ឋាន សង្កាត់កោះដាច់ ខណ្ឌជ្រោយចង្វារ រាជធានីភ្នំពេញ (Record no. 25590)
[ view plain ]
| 000 -LEADER | |
|---|---|
| fixed length control field | 00644nam a22001217a 4500 |
| 040 ## - CATALOGING SOURCE | |
| Transcribing agency | RUA |
| 082 ## - DEWEY DECIMAL CLASSIFICATION NUMBER | |
| Classification number | VEM CHI 2025 B705 Or. |
| 100 ## - MAIN ENTRY--AUTHOR NAME | |
| Personal name | CHIEN KAKADA, ជៀន កក្កដា |
| 245 ## - TITLE STATEMENT | |
| Title | Cattle Gastrointestinal Parasites In Farm At Kaoh dach Commune Chroy Changva District, Phnom Penh. បរាសិតខាងក្នុងក្រពះពោះវៀនគោ នៅកសិដ្ឋាន សង្កាត់កោះដាច់ ខណ្ឌជ្រោយចង្វារ រាជធានីភ្នំពេញ |
| 260 ## - PUBLICATION, DISTRIBUTION, ETC. (IMPRINT) | |
| Place of publication | PHNOM PENH |
| Name of publisher | RUA |
| Year of publication | 2025 |
| 300 ## - PHYSICAL DESCRIPTION | |
| Number of Pages | x,35p. |
| Other physical details | ill. |
| Dimensions | 29cm. |
| 942 ## - ADDED ENTRY ELEMENTS (KOHA) | |
| Koha item type | សារណាបទ |
| 952 ## - LOCATION AND ITEM INFORMATION (KOHA) | |
| Withdrawn status [LOCAL, KOHA] | 0 |
| 952 ## - LOCATION AND ITEM INFORMATION (KOHA) | |
| Withdrawn status [LOCAL, KOHA] | 0 |
| Permanent Location | Date acquired | Koha item type | Lost status | Shelving location | Barcode | Current Location | Full call number |
|---|---|---|---|---|---|---|---|
| Library Block B | 2026-03-17 | សារណាបទ | B705 | B7121225 | Library Block B | VEM CHI 2025 B705 Or.1 | |
| Library Block B | 2026-03-17 | សារណាបទ | B705 | B7121229 | Library Block B | VEM CHI 2025 B705 Or.2 |